Patentová politika ako nástroj rozvoja podnikov
Prieskum zameraný na služby poskytované patentovými zástupcami. Cieľom prieskumu bolo priblížiť prácu patentových zástupcov na Slovensku a zistiť akou časťou sa patenty podieľajú na ich práci, kto najčastejšie využíva ich služby, aké služby najviac využívajú ich klienti a podobne.
Na minha lista:
| Autor principal: | |
|---|---|
| Outros Autores: | |
| Formato: | Capítulo de Livro |
| Idioma: | eslovaco |
| Assuntos: | |
| Tags: |
Sem tags, seja o primeiro a adicionar uma tag!
|
MARC
| LEADER | 00000nla a2200000 4500 | ||
|---|---|---|---|
| 001 | 0195927 | ||
| 005 | 20240503093525.1 | ||
| 041 | 0 | |a slo | |
| 044 | |a SK | ||
| 245 | 1 | 0 | |a Patentová politika ako nástroj rozvoja podnikov |c Klaudia Gubová, Gabriela Abrahamovská |
| 520 | |a Prieskum zameraný na služby poskytované patentovými zástupcami. Cieľom prieskumu bolo priblížiť prácu patentových zástupcov na Slovensku a zistiť akou časťou sa patenty podieľajú na ich práci, kto najčastejšie využíva ich služby, aké služby najviac využívajú ich klienti a podobne. | ||
| 610 | 2 | 0 | |a patenty |
| 610 | 2 | 0 | |a vlastníctvo duševné |
| 610 | 2 | 0 | |a úrady patentové |
| 610 | 2 | 0 | |a podnik |
| 100 | 1 | |a Gubová, Klaudia, 1986- | |
| 700 | 1 | |a Abrahamovská, Gabriela | |